| 000 | 00667nam a2200229 a 4500 | ||
|---|---|---|---|
| 999 |
_c3302 _d3302 |
||
| 001 | 3302 | ||
| 003 | BD-JhCC | ||
| 005 | 20171112182204.0 | ||
| 008 | 171112s2001 b ||||| |||| 00| 0 ben d | ||
| 020 | _a9845552439 | ||
| 035 | _a(BD-JhCC) | ||
| 040 |
_aBD-JhCC _dBD-JhCC |
||
| 041 | _aben | ||
| 082 |
_a891.4409 _bISL 2001 |
||
| 100 | _aইসলাম, রফিকুল | ||
| 245 |
_aশতবর্ষে নজরুল / _cরফিকুল ইসলাম |
||
| 260 |
_aঢাকা : _bনজরুল ইন্সটিটিউট, _c২০০১ |
||
| 300 |
_a755 p. : _c22cm. |
||
| 650 | _aBengali Literature | ||
| 942 |
_2ddc _cBK |
||